| 000 | 01294cam a22003854a 4500 | ||
|---|---|---|---|
| 001 | muse84993 | ||
| 003 | MdBmJHUP | ||
| 005 | 20210127151657.0 | ||
| 006 | m o d | ||
| 007 | cr||||||||nn|n | ||
| 008 | 101129s2009 sp o 00 0 spa d | ||
| 020 | _a9786076287897 | ||
| 020 | _z968120462X | ||
| 020 | _z9789681204624 | ||
| 035 | _a(OCoLC)1151455862 | ||
| 040 |
_aMdBmJHUP _cMdBmJHUP |
||
| 100 | 1 | _aRodríguez Zahar, León. | |
| 245 | 1 | 3 |
_aLa revolución Islámica-clerical de Irán, 1978-1989 _cLeón Rodríguez Zahar. |
| 250 | _a1a. reimpr. | ||
| 264 | 1 | _bColegio de Mexico, | |
| 264 | 3 | _bProject MUSE, | |
| 300 |
_a1 online resource (242 p.) : _bil. ; |
||
| 506 | 0 |
_aOpen Access _fUnrestricted online access _2star |
|
| 588 | _aDescription based on print version record. | ||
| 650 | 0 | 0 |
_aRevoluciones _zIrán _y1978 _x1989. |
| 651 | 0 |
_aIrán _xHistoria _y1978 _x1989. |
|
| 655 | 7 |
_aElectronic books. _2local |
|
| 710 | 2 |
_aProject Muse. _edistributor |
|
| 830 | 0 | _aBook collections on Project MUSE. | |
| 856 | 4 | 0 |
_zFull text available: _uhttps://muse.jhu.edu/book/74827/ |
| 999 |
_c26632 _d26632 |
||